| 000 | 00637 a2200241 4500 | ||
|---|---|---|---|
| 001 | 200131260 | ||
| 999 |
_c200131260 _d36287 |
||
| 003 | TR-AnTOB | ||
| 005 | 20250812152520.0 | ||
| 008 | 140121s tu 000 0 | ||
| 020 | _a9786058676503 | ||
| 040 | _aTR-AnTOB | ||
| 041 | _atur | ||
| 050 |
_aDS51.K39 _bE57 2012 |
||
| 090 | _aDS51 .K39.E57 2012 | ||
| 100 |
_aEnsari, Oktay _995546 |
||
| 245 | 1 | 0 |
_aErciyes’i Anlamak / _cOktay Ensari. |
| 264 | 1 |
_aKayseri : _bMazaka Yayın, _c2012 |
|
| 300 |
_a202p; _c13 cm |
||
| 651 | 0 | 0 |
_aKayseri İli (Türkiye) _vRehberler _995547 |
| 651 | 0 | 0 |
_aKayseri İli (Turkey) _vGuidebooks _995548 |
| 942 | _cBK | ||